000 00371nam a22001457a 4500
005 20170406095543.0
008 170406b xxu||||| |||| 00| 0 eng d
020 _a978-81-7409-248-9
041 _aeng
100 _aGREWAL, B. S.
_93824
245 _aNUMERICAL METHODS IN ENGINEERING AND SCIENCE
260 _aNEW DELHI
_bKHANNA PUBLISHERES
300 _a699
942 _cBK
999 _c5420
_d5418